| 000 | 00728nam a2200241Ia 4500 | ||
|---|---|---|---|
| 003 | OSt | ||
| 005 | 20220918174512.0 | ||
| 006 | a|||||r|||| 00| 0 | ||
| 007 | ta | ||
| 008 | 220917b |||||||| |||| 00| 0 eng d | ||
| 024 | _a12,540 | ||
| 037 | _cTextual | ||
| 040 |
_aARTS _cARTS _beng |
||
| 041 |
_2eng _aeng |
||
| 082 | _aMY6:(Z687):N30-N34, G5 906 | ||
| 110 |
_aKenya _950731 |
||
| 245 | 0 | _aKenya laws and regulations issued during the years 1930-34, International review of legislation for the protection of nature ed by Tordis Graim | |
| 260 | _c1935 | ||
| 650 | _aINDUSTRIAL ARTS | ||
| 700 |
_aKenya _950732 |
||
| 942 |
_hMY6:(Z687):N30-N34, G5 906 _cTEXL _2CC |
||
| 999 |
_c153425 _d153425 |
||